|
|
|
|
| LEADER |
00000nam0a2200000 4500 |
| 001 |
361217 |
| 005 |
20250211063217.0 |
| 035 |
|
|
|a (RuTPU)RU\TPU\retro\18543
|
| 035 |
|
|
|a RU\TPU\retro\18526
|
| 090 |
|
|
|a 361217
|
| 100 |
|
|
|a 20210531d1976 k y0rusy5003 ca
|
| 101 |
0 |
|
|a rus
|
| 102 |
|
|
|a RU
|
| 105 |
|
|
|a y z 001zy
|
| 200 |
1 |
|
|a Расчет, конструирование, технология производства и эксплуатация элементов электротехнических устройств
|e [тематический сборник]
|f Московский энергетический институт ; под ред. Л. О. Петри
|
| 210 |
|
|
|a Москва
|c Изд-во МЭИ
|d 1976
|
| 215 |
|
|
|a 120 с.
|c табл., ил.
|
| 225 |
1 |
|
|a Труды Московского энергетического института (МЭИ)
|v Вып. 296
|
| 320 |
|
|
|a Библиогр. в конце статей
|
| 500 |
1 |
0 |
|a Труды Московского энергетического института
|9 88841
|
| 606 |
1 |
|
|a Электротехнические изделия
|2 stltpush
|3 (RuTPU)RU\TPU\subj\20944
|9 46004
|
| 610 |
1 |
|
|a стеклопластики
|
| 610 |
1 |
|
|a связующие материалы
|
| 610 |
1 |
|
|a изоляция
|
| 610 |
1 |
|
|a пермаллоевые ленты
|
| 610 |
1 |
|
|a датчики
|
| 610 |
1 |
|
|a биомедицинская техника
|
| 610 |
1 |
|
|a машинное проектирование
|
| 610 |
1 |
|
|a переключатели
|
| 610 |
1 |
|
|a физическая модель
|
| 610 |
1 |
|
|a диэлектрические материалы
|
| 610 |
1 |
|
|a регулировочные шумы
|
| 610 |
1 |
|
|a пленочные резисторы
|
| 610 |
1 |
|
|a пластмассовая изоляция
|
| 610 |
1 |
|
|a коаксильные кабели
|
| 610 |
1 |
|
|a замыкания на землю
|
| 610 |
1 |
|
|a высшие гармоники
|
| 610 |
1 |
|
|a самоходные установки
|
| 610 |
1 |
|
|a воздушные линии электропередачи
|
| 610 |
1 |
|
|a волноводы
|
| 610 |
1 |
|
|a мощности
|
| 610 |
1 |
|
|a сети с изолированной нейтралью
|
| 610 |
1 |
|
|a тепловыделение
|
| 610 |
1 |
|
|a защита
|
| 610 |
1 |
|
|a герконы
|
| 610 |
1 |
|
|a электромагнитное поле
|
| 610 |
1 |
|
|a токосъем
|
| 610 |
1 |
|
|a металлокерамические материалы
|
| 675 |
|
|
|a 621.3.002.6
|v 3
|
| 702 |
|
1 |
|a Петри
|b Л. О.
|4 340
|
| 712 |
0 |
2 |
|a Московский энергетический институт
|c (1930-1992)
|3 (RuTPU)RU\TPU\col\20092
|9 27693
|
| 801 |
|
0 |
|a RU
|b 63413507
|c 19950704
|g psbo
|
| 801 |
|
1 |
|a RU
|b 63413507
|c 20060118
|g PSBO
|
| 801 |
|
2 |
|a RU
|b 63413507
|c 20220211
|g PSBO
|
| 942 |
|
|
|c BK
|